000 00788pam a22002654a 4500
999 _c8895
_d8895
001 45879610
003 OCoLC
005 20241126110700.0
008 010122s2001 miu 001 0 eng
010 _a2001029019
020 _a0825439671
040 _aDLC
_cDLC
_dATH
042 _apcc
050 0 0 _aBS649.E63
_bW355 2001
050 0 0 _aBS649.E63
_bW355 2001
082 _a236
_bWAL
100 1 _aWalvoord, John F.
_9125
245 1 0 _aProphecy in the new millennium :
_ba fresh look at future events /
_cJohn F. Walvoord.
260 _aGrand Rapids, MI :
_bKregel Publications,
_cc2001.
300 _a176 p. ;
_c22 cm.
500 _aIncludes indexes.
630 0 0 _aBible
_xProphecies
_xEnd of the world.
_92005
650 0 _aEnd of the world
_xProphecies.
_915613
942 _2ddc
_cBK
_05